Представление документа в формате MARC21

Поле Инд. ПП Название Значение
Тип записи a
Библиографический уровень a
001 Контрольный номер 84bacfcac2574fc0bffee8fb89569de7
005 Дата корректировки 20160205161139.9
040 a Служба первич. каталог. НБ ТвГУ
b Код языка каталог. rus
e Правила каталог. PSBO
041 0_ a Код языка текста rus
097 b Оператор korjnina
100 1_ a Автор Северская О. И.
245 10 a Заглавие Поэтический текст как высказывание: специфика коммуникативной и смысловой организации
260 a Место издания Тверь
b Издательство Тверской государственный университет
440 _0 a Серия Литературный текст: проблемы и методы исследования : приложение
520 0_ a Аннотация Автор статьи дает анализ поэтического текста. Особенностью коммуникативной организации поэтического текста (высказывания), по мнению автора, является то, что она проявляется на всех уровнях его структуры.
653 0_ a Ключевые слова Поэтический текст
a Ключевые слова Анализ поэтического текста
a Ключевые слова Высказывание (лингв.)
a Ключевые слова Коммуникативная организация текста
773 18 w Контрольный № источника 52f4a862-9713-11db-b02a-008048b56a28
t Название источника Поэтика и лингвистика
d Место и дата издания Тверь : Тверской государственный университет, 2006
g Прочая информация С. 33-34
901 t Тип документа a
920 a Оператор Корж